Κριτική ανασκόπηση της εφαρμογής του θεσμού των μελετών περιβαλλοντικών επιπτώσεων (ΜΠΕ) σε επιλεγμένα κράτη-μέλη της Ευρωπαϊκής Ένωσης (Ε.Ε.) : [πτυχιακή εργασία]
Saved in:
| Main Author: | |
|---|---|
| Corporate Author: | |
| Other Authors: | |
| Format: | Thesis Book |
| Language: | Greek |
| Published: |
2014
|
| Subjects: | |
| Online Access: | http://hdl.handle.net/11610/6173 |
| Tags: |
Add Tag
No Tags, Be the first to tag this record!
|
MARC
| LEADER | 00000cam a2200000 i 4500 | ||
|---|---|---|---|
| 001 | 1/67603 | ||
| 008 | 150220s2014 gre d | ||
| 035 | |l 10121197 | ||
| 040 | |a GR-MY-UA |b gre |e aacr | ||
| 041 | 0 | |a gre | |
| 082 | 0 | |a 363.7 |2 (22) | |
| 100 | 1 | |a Νταφοπούλου, Χρυσάνθη. | |
| 245 | 1 | 0 | |a Κριτική ανασκόπηση της εφαρμογής του θεσμού των μελετών περιβαλλοντικών επιπτώσεων (ΜΠΕ) σε επιλεγμένα κράτη-μέλη της Ευρωπαϊκής Ένωσης (Ε.Ε.) : |b [πτυχιακή εργασία] / |c Νταφοπούλου Χρυσάνθη ; Καπετανάκη-Μπριασούλη Ελένη |
| 260 | |c 2014 | ||
| 300 | |a 163 σ.; |b εικ.; |c 30 εκ. | ||
| 502 | # | # | |a Πτυχιακή εργασία – Πανεπιστήμιο Αιγαίου, Λέσβος, 2014. |
| 504 | |a Βιβλιογραφία: σ. 161-162 | ||
| 650 | 0 | 0 | |a Environmental auditing |z European Union countries. |
| 650 | 0 | 0 | |a Environmental risk assessment. |
| 650 | 0 | 0 | |a Environmental law. |
| 650 | 0 | 0 | |a Environmental policy. |
| 650 | 0 | 0 | |a Dissertations, Academic |z Greece. |
| 700 | 1 | |a Μπριασούλη, Ελένη. |4 ths | |
| 710 | 2 | |a Πανεπιστήμιο Αιγαίου. |b Σχολή Κοινωνικών Επιστημών. |b Τμήμα Γεωγραφίας. | |
| 852 | |a INST |b LESVOS |c DIATR |e 20150220 |h 879 |p 005100055964 |q 005100055964 |t DIE |y 23 | ||
| 852 | |a INST |b LESVOS |c DIATR |e 20150220 |h 880 |p 005100055963 |q 005100055963 |t DIE |y 23 | ||
| 856 | |u http://hdl.handle.net/11610/6173 | ||
| 901 | |a BIBL1-2015-1 | ||
| 909 | |a Λ |b 192866 | ||
| 909 | |a Λ |b 192867 | ||
| 924 | |a ΝΤΑΦΟΠΟΥΛΟΥ |b ΧΡΥΣΑΝΘΗ |y ΛΕΣΒΟΣ |z 2014-11 | ||
| 970 | |a ΤΖΑΦΕΡΗ |b ΕΥΑΓΓΕΛΙΑ |z 2015/02/20 | ||